[Event "26th EUR-ch"]
[Site "Katowice POL"]
[Date "2026.04.09"]
[Round "3.148"]
[White "Krasteva, Beloslava"]
[Black "Helis, Tadeusz"]
[Result "1-0"]
[WhiteElo "2332"]
[BlackElo "2141"]
[EventDate "2026.04.07"]
[PlyCount "61"]

1.d4 Nf6 2.Nf3 d6 3.c4 c6 4.Nc3 Nbd7 5.e4 e5 6.Be2 Be7 7.O-O O-O 8.Qc2 Qc7
9.Rd1 Re8 10.h3 exd4 11.Nxd4 Bf8 12.Bf4 Nc5 13.Bf3 a5 14.Rd2 Nfd7 15.Rad1 
Ne5 16.Be2 Ne6 17.Bg3 Nxd4 18.Rxd4 f6 19.Kh1 Be6 20.f4 Nf7 21.f5 Bc8 22.c5
Re5 23.cxd6 Nxd6 24.Bxe5 fxe5 25.R4d3 b6 26.Qd2 Nf7 27.Bh5 Ra7 28.Bxf7+ 
Qxf7 29.Rd8 Ba6 30.Qd6 Re7 31.Qb8 1-0

[Event "26th EUR-ch"]
[Site "Katowice POL"]
[Date "2026.04.09"]
[Round "3.149"]
[White "Pietruszewski, Marcin"]
[Black "Lewtak, Damian"]
[Result "1/2-1/2"]
[WhiteElo "2127"]
[BlackElo "2331"]
[EventDate "2026.04.07"]
[PlyCount "72"]

1.d4 d5 2.Nf3 c6 3.e3 Bf5 4.c4 e6 5.Nc3 Nd7 6.Bd3 Bxd3 7.Qxd3 Ngf6 8.O-O 
Bd6 9.e4 dxe4 10.Nxe4 Nxe4 11.Qxe4 O-O 12.b3 Re8 13.Bb2 a5 14.a4 Qf6 15.
Rad1 Qg6 16.Qe2 Bb4 17.Rd3 Qh5 18.Rfd1 b5 19.Qe4 bxc4 20.bxc4 Rec8 21.c5 
Nf6 22.Qe5 Qxe5 23.Nxe5 Nd5 24.Nc4 Rd8 25.g3 f6 26.f4 h5 27.h4 Ra7 28.Kf1 
Kf7 29.Ke2 Kg6 30.Kf3 Rad7 31.Ke4 Ne7 32.Nb6 Rb7 33.Nc4 Nf5 34.Ba1 Kf7 35.
Rb1 Rbd7 36.Nb6 Rc7 1/2-1/2

[Event "26th EUR-ch"]
[Site "Katowice POL"]
[Date "2026.04.09"]
[Round "3.150"]
[White "Basdar, Atakan"]
[Black "Krawczyk, Flawian"]
[Result "1/2-1/2"]
[WhiteElo "2125"]
[BlackElo "2329"]
[EventDate "2026.04.07"]
[PlyCount "36"]

1.e4 c5 2.c3 e6 3.d4 d5 4.exd5 exd5 5.Bb5+ Nc6 6.Nf3 Bd6 7.dxc5 Bxc5 8.O-O
Ne7 9.Nbd2 O-O 10.Nb3 Bd6 11.h3 Bc7 12.Be3 a6 13.Bd3 Ng6 14.Qc2 b6 15.Nbd4
Nce7 16.Rad1 Qd6 17.Rfe1 h6 18.c4 Bb7 1/2-1/2

[Event "26th EUR-ch"]
[Site "Katowice POL"]
[Date "2026.04.09"]
[Round "3.151"]
[White "Tudoroiu, Razvan-Catalin"]
[Black "Hercegovac, Neven"]
[Result "1/2-1/2"]
[WhiteElo "2122"]
[BlackElo "2325"]
[EventDate "2026.04.07"]
[PlyCount "73"]

1.d4 d6 2.e4 Nf6 3.Nc3 e5 4.Nf3 Nbd7 5.Rg1 c6 6.g4 h6 7.Be3 Be7 8.a3 Qc7 
9.g5 hxg5 10.Nxg5 b5 11.d5 a6 12.dxc6 Qxc6 13.Nd5 Bb7 14.Nxe7 Kxe7 15.Bd3 
Rxh2 16.Qf3 a5 17.Qg3 Rhh8 18.a4 bxa4 19.f4 Rhf8 20.Rd1 Ba6 21.Rg2 Bxd3 
22.Rxd3 Qb5 23.Rgd2 Ra6 24.Qh4 Qxb2 25.Nf3 a3 26.fxe5 a2 27.exf6+ Nxf6 28.
Bd4 a1=Q+ 29.Ke2 Rc8 30.Bxb2 Qxb2 31.e5 dxe5 32.Rd7+ Kf8 33.Qh8+ Ng8 34.
Ng5 Qb5+ 35.Ke1 Qb1+ 36.Ke2 Qb5+ 37.Ke1 1/2-1/2

[Event "26th EUR-ch"]
[Site "Katowice POL"]
[Date "2026.04.09"]
[Round "3.152"]
[White "Trushko, Andrii"]
[Black "Luba, Lukasz"]
[Result "1-0"]
[WhiteElo "2325"]
[BlackElo "2138"]
[EventDate "2026.04.07"]
[PlyCount "59"]

1.d4 d5 2.c4 e6 3.Nc3 Nf6 4.cxd5 exd5 5.Bg5 c6 6.e3 Be7 7.Bd3 Be6 8.Nge2 
Nbd7 9.h3 Nh5 10.Bxe7 Qxe7 11.Qc2 g6 12.O-O Qh4 13.f3 O-O 14.g4 Rae8 15.
Kg2 c5 16.Qd2 Nhf6 17.Bb5 a6 18.Bxd7 Bxd7 19.dxc5 Re5 20.Nd4 Rfe8 21.Rae1 
Ne4 22.fxe4 Rh5 23.gxh5 Bxh3+ 24.Kg1 Re5 25.Nf5 gxf5 26.Rf4 Qg5+ 27.Kh1 
Qxh5 28.Nxd5 Bg4+ 29.Qh2 Qg5 30.Ref1 1-0

[Event "26th EUR-ch"]
[Site "Katowice POL"]
[Date "2026.04.09"]
[Round "3.153"]
[White "Zeissel, Andrzej"]
[Black "Zawadzka, Jolanta"]
[Result "0-1"]
[WhiteElo "2117"]
[BlackElo "2324"]
[EventDate "2026.04.07"]
[PlyCount "52"]

1.e4 c6 2.d4 d5 3.f3 e6 4.Nc3 Bb4 5.Bd2 Ne7 6.Nce2 Ba5 7.b4 Bb6 8.e5 Nf5 
9.c3 f6 10.g4 Nh4 11.f4 fxe5 12.fxe5 O-O 13.Ng3 Nd7 14.Bh3 a5 15.bxa5 Rxa5
16.g5 Nxe5 17.dxe5 d4 18.Qe2 dxc3 19.Bxc3 Ra3 20.Rd1 Qxg5 21.Rd3 Qc1+ 22.
Qd1 Rxc3 23.Qxc1 Rxc1+ 24.Rd1 Rc2 25.Ne4 Ba5+ 26.Nd2 Rd8 0-1

[Event "26th EUR-ch"]
[Site "Katowice POL"]
[Date "2026.04.09"]
[Round "3.154"]
[White "Grebeniuk, Semen"]
[Black "Kyparissopoulos, Spyridon"]
[Result "1/2-1/2"]
[WhiteElo "2324"]
[BlackElo "2133"]
[EventDate "2026.04.07"]
[PlyCount "85"]

1.e4 e6 2.d3 d5 3.Qe2 Be7 4.Nf3 Nf6 5.g3 O-O 6.Bg2 c5 7.O-O Nc6 8.e5 Nd7 
9.c4 dxc4 10.dxc4 Qc7 11.Bf4 b6 12.Nc3 a6 13.Nd5 exd5 14.cxd5 Ncxe5 15.
Nxe5 Nxe5 16.d6 Bxd6 17.Bxa8 Bg4 18.f3 Bd7 19.Qe4 Re8 20.Rad1 g5 21.Bxg5 
Nc6 22.Qd5 Nd4 23.Bf6 Be5 24.Bxe5 Rxe5 25.Qb7 Qd6 26.Rfe1 Re2 27.Qxa6 Rxb2
28.Qa3 Ne2+ 29.Kf2 Nc3+ 30.Qxb2 Nxd1+ 31.Rxd1 Qxd1 32.g4 Qd6 33.Kg2 c4 34.
Be4 b5 35.Qc1 Qf6 36.g5 Qd4 37.Qf4 Kg7 38.Qh4 Qd2+ 39.Kg1 Qd1+ 40.Kf2 Qd2+
41.Kg1 Qd1+ 42.Kf2 Qd2+ 43.Kg1 1/2-1/2

[Event "26th EUR-ch"]
[Site "Katowice POL"]
[Date "2026.04.09"]
[Round "3.155"]
[White "Yekeler, Kerem Sarp"]
[Black "Baerwinkel, Tobias"]
[Result "1-0"]
[WhiteElo "2116"]
[BlackElo "2323"]
[EventDate "2026.04.07"]
[PlyCount "53"]

1.e4 c5 2.Nc3 Nc6 3.Nge2 Nf6 4.d4 cxd4 5.Nxd4 d6 6.Bg5 e6 7.Bb5 Bd7 8.Qd3 
Qb6 9.Bxc6 bxc6 10.O-O-O Be7 11.e5 dxe5 12.Nf3 Bc8 13.Nxe5 O-O 14.Ne4 Rb8 
15.Nc4 Qb5 16.Nxf6+ Bxf6 17.Bxf6 gxf6 18.Qc3 Qg5+ 19.Kb1 Rb5 20.h4 Qh6 21.
Nd6 Rb6 22.Rh3 e5 23.Rg3+ Kh8 24.Nxf7+ Rxf7 25.Rd8+ Rf8 26.Qd2 Rxd8 27.
Qxd8+ 1-0

[Event "26th EUR-ch"]
[Site "Katowice POL"]
[Date "2026.04.09"]
[Round "3.156"]
[White "Qalichava, Akaki"]
[Black "Rajbharath, Harjith"]
[Result "1-0"]
[WhiteElo "2322"]
[BlackElo "2132"]
[EventDate "2026.04.07"]
[PlyCount "93"]

1.e4 e6 2.d4 d5 3.e5 c5 4.c3 Nc6 5.Nf3 Bd7 6.Be2 Nge7 7.Na3 cxd4 8.cxd4 
Nf5 9.Nc2 Be7 10.Bd3 f6 11.Bxf5 exf5 12.O-O O-O 13.Re1 fxe5 14.dxe5 Be6 
15.Ncd4 Qd7 16.Qd3 Rac8 17.Bd2 Nxd4 18.Nxd4 Bc5 19.Nb3 b6 20.Bc3 f4 21.Bd4
Qa4 22.f3 a5 23.Rac1 Bb4 24.Rxc8 Rxc8 25.Rd1 Bc5 26.h4 Qe8 27.Qd2 a4 28.
Nc1 Bxd4+ 29.Qxd4 Qb5 30.b3 axb3 31.axb3 Rc2 32.Qxf4 Qc5+ 33.Kh2 Qf2 34.
Qg3 Qe3 35.Nd3 Rc3 36.Nf4 Qxe5 37.Ra1 Rc8 38.Re1 Qf5 39.Nxe6 Qf6 40.Nf4 d4
41.Nd5 Qf8 42.Ne7+ Kh8 43.Nxc8 Qxc8 44.Qe5 Kg8 45.Qe8+ Qxe8 46.Rxe8+ Kf7 
47.Rd8 1-0

[Event "26th EUR-ch"]
[Site "Katowice POL"]
[Date "2026.04.09"]
[Round "3.157"]
[White "Yilmaz, Baver"]
[Black "Atienza Alvarez, Javier"]
[Result "1-0"]
[WhiteElo "2321"]
[BlackElo "2126"]
[EventDate "2026.04.07"]
[PlyCount "71"]

1.e4 e6 2.d4 d5 3.Nc3 Nf6 4.Bg5 dxe4 5.Nxe4 Nbd7 6.Nf3 h6 7.Nxf6+ Nxf6 8.
Be3 Bd6 9.Bd3 O-O 10.Qe2 b6 11.O-O-O Bb7 12.Kb1 Qe7 13.Rhg1 Nd5 14.Bd2 c5 
15.g4 cxd4 16.h4 e5 17.g5 h5 18.g6 fxg6 19.Ng5 Bb4 20.Bc1 Qd6 21.Nh7 Nc3+ 
22.bxc3 Bxc3 23.a3 Bf3 24.Qf1 e4 25.Nxf8 Rxf8 26.Be2 d3 27.Bxf3 dxc2+ 28.
Kxc2 Qc5 29.Kb3 b5 30.Bxe4 a5 31.Be3 Qe5 32.Qd3 a4+ 33.Ka2 Kh8 34.Qd5 Qh2 
35.Rg2 Qxh4 36.Bxg6 1-0

[Event "26th EUR-ch"]
[Site "Katowice POL"]
[Date "2026.04.09"]
[Round "3.158"]
[White "Gibala, Adam"]
[Black "Vegh, Endre"]
[Result "1-0"]
[WhiteElo "2317"]
[BlackElo "2121"]
[EventDate "2026.04.07"]
[PlyCount "123"]

1.e4 c5 2.Nf3 e6 3.d4 cxd4 4.Nxd4 Bc5 5.Nb3 Bb6 6.Nc3 Ne7 7.Bg5 O-O 8.Qd2 
Nbc6 9.O-O-O f6 10.Be3 Bxe3 11.Qxe3 a6 12.g4 b5 13.f4 Qc7 14.Kb1 b4 15.Na4
Rb8 16.Nac5 a5 17.f5 d6 18.Nd3 a4 19.Nbc1 Na5 20.Nf4 b3 21.axb3 axb3 22.c3
e5 23.Nh5 Nc4 24.Qg3 Bb7 25.Bd3 h6 26.h4 Rf7 27.g5 hxg5 28.hxg5 Nxf5 29.
Qh3 fxg5 30.exf5 Bxh1 31.Qxh1 Ne3 32.Re1 Nc2 33.Bxc2 bxc2+ 34.Kxc2 Qb6 35.
Nd3 Qb3+ 36.Kd2 Rxf5 37.Ng3 Rf6 38.Qe4 Rh6 39.Re2 Qe6 40.Nf5 Rf6 41.Ne3 
Rb5 42.c4 Ra5 43.Nd5 Rh6 44.Qe3 Rxd5 45.cxd5 Qxd5 46.Qxg5 Rh3 47.Qf5 Qa5+ 
48.Kc2 Qa4+ 49.Kb1 Rh1+ 50.Nc1 Rh4 51.Qe6+ Kh7 52.Qxd6 e4 53.Qg3 Rh1 54.
Rg2 Qd7 55.Qg6+ Kh8 56.Qxe4 Rh6 57.Rf2 Qd6 58.Qe8+ Kh7 59.Rf8 Qg6+ 60.
Qxg6+ Rxg6 61.b4 Rb6 62.Nd3 1-0

[Event "26th EUR-ch"]
[Site "Katowice POL"]
[Date "2026.04.09"]
[Round "3.159"]
[White "Hnydiuk, Aleksander"]
[Black "Lorenz, Roger"]
[Result "1-0"]
[WhiteElo "2314"]
[BlackElo "2118"]
[EventDate "2026.04.07"]
[PlyCount "35"]

1.Nf3 d5 2.d4 Nf6 3.c4 e6 4.g3 dxc4 5.Bg2 c5 6.O-O Nc6 7.Ne5 Bd7 8.Na3 
cxd4 9.Naxc4 Rc8 10.Qb3 Nxe5 11.Nxe5 Bd6 12.Bf4 Bc6 13.Bxc6+ bxc6 14.Qa4 
Bc5 15.Rac1 Qb6 16.b4 Qxb4 17.Qa6 O-O 18.Nd3 1-0

[Event "26th EUR-ch"]
[Site "Katowice POL"]
[Date "2026.04.09"]
[Round "3.160"]
[White "Tsaknakis, Zisis"]
[Black "Gbiorczyk, Mikolaj"]
[Result "0-1"]
[WhiteElo "2307"]
[BlackElo "2116"]
[EventDate "2026.04.07"]
[PlyCount "106"]

1.e4 e5 2.Nc3 Nc6 3.Bc4 Nf6 4.d3 Na5 5.Qf3 c6 6.Nge2 b5 7.Bb3 Nxb3 8.axb3 
Be7 9.O-O O-O 10.Ng3 d5 11.Nf5 d4 12.Ne2 Ne8 13.Bd2 c5 14.Ba5 Qd7 15.Qg3 
Bf6 16.f4 exf4 17.Nxf4 Be5 18.Bb6 Nd6 19.Nh6+ Kh8 20.Bxc5 f6 21.Nf5 g5 22.
Ng6+ hxg6 23.Qh3+ Kg8 24.Nxd6 Qxh3 25.gxh3 Bxh3 26.Rf2 a6 27.b4 Rfd8 28.
Nb7 Rd7 29.Na5 Bf4 30.Rf3 Bg4 31.Rxf4 gxf4 32.Nc6 Rc8 33.Rxa6 Kf7 34.Na7 
Ra8 35.Ra5 Rc7 36.c3 Be2 37.cxd4 Bxd3 38.Nxb5 Rxa5 39.Nd6+ Ke6 40.bxa5 g5 
41.b4 Rd7 42.Nc8 g4 43.d5+ Ke5 44.Nb6 Rh7 45.d6 Bxe4 46.d7 Rh8 47.Be7 g3 
48.h4 f3 49.Bc5 Ke6 50.a6 Rxh4 51.d8=N+ Kf5 52.Nf7 Rh1+ 53.Kxh1 f2# 0-1

[Event "26th EUR-ch"]
[Site "Katowice POL"]
[Date "2026.04.09"]
[Round "3.161"]
[White "Blanquet, Camille"]
[Black "Vasynda, Oleksandr"]
[Result "0-1"]
[WhiteElo "2107"]
[BlackElo "2306"]
[EventDate "2026.04.07"]
[PlyCount "112"]

1.d4 d5 2.c4 e6 3.Nf3 Nf6 4.Nc3 Bb4 5.Qa4+ Nc6 6.a3 Bxc3+ 7.bxc3 Bd7 8.
cxd5 exd5 9.Bg5 h6 10.Bh4 O-O 11.Qc2 Qe7 12.e3 Bg4 13.Bd3 Qd6 14.Bg3 Qe7 
15.Ne5 Nxe5 16.Bxe5 c5 17.Qb2 b6 18.O-O Nd7 19.Bg3 h5 20.h3 h4 21.Bh2 Be6 
22.Qe2 g6 23.Bf4 c4 24.Bc2 f5 25.Bh6 Rf7 26.f4 Rh7 27.Bg5 Qg7 28.Qf2 Qh8 
29.Rfb1 Rb8 30.Rb4 Nf6 31.a4 Ne8 32.Bd1 Nc7 33.Bf3 Kf7 34.Rbb1 Bd7 35.Qb2 
Qe8 36.Qb4 Qf8 37.Qxf8+ Rxf8 38.Kf2 Ke6 39.Ke2 Kd6 40.Kd2 Ne6 41.a5 b5 42.
Re1 Bc6 43.Kc2 Nc7 44.Kb2 Ke6 45.Rab1 Na6 46.Ka3 Rb8 47.Rb2 b4+ 48.cxb4 
Rhb7 49.Reb1 Rb5 50.Bd1 c3 51.Rb3 Nxb4 52.Rxb4 Rxa5+ 53.Ba4 Rxa4+ 54.Rxa4 
Rxb1 55.Ka2 c2 56.Rxa7 c1=Q 0-1

[Event "26th EUR-ch"]
[Site "Katowice POL"]
[Date "2026.04.09"]
[Round "3.162"]
[White "Fruebing, Stefan"]
[Black "Hury, Tymoteusz"]
[Result "1/2-1/2"]
[WhiteElo "2304"]
[BlackElo "2115"]
[EventDate "2026.04.07"]
[PlyCount "70"]

1.Nf3 Nf6 2.g3 g6 3.Bg2 Bg7 4.O-O O-O 5.d4 d6 6.Re1 Bf5 7.Nh4 Be4 8.f3 Bc6
9.e4 e5 10.Be3 exd4 11.Bxd4 Bd7 12.Nc3 Nc6 13.Be3 Qc8 14.Qd2 Re8 15.Rad1 
a6 16.Bh6 Rb8 17.Bxg7 Kxg7 18.f4 Bg4 19.Rc1 h6 20.Nf3 Bh3 21.Bh1 Qg4 22.
Nd4 Qh5 23.Nd5 Nxd5 24.exd5 Nxd4 25.Qxd4+ Kg8 26.Qc3 Rbc8 27.Kf2 c5 28.
dxc6 bxc6 29.Rxe8+ Rxe8 30.Re1 Rxe1 31.Kxe1 Bg4 32.Qxc6 Qxh2 33.Qg2 Qh5 
34.Qd5 Qh2 35.Qg2 Qh5 1/2-1/2

[Event "26th EUR-ch"]
[Site "Katowice POL"]
[Date "2026.04.09"]
[Round "3.163"]
[White "Noy, Eyal"]
[Black "Triger, Eitan"]
[Result "1-0"]
[WhiteElo "2300"]
[BlackElo "2095"]
[EventDate "2026.04.07"]
[PlyCount "75"]

1.d4 Nf6 2.c4 c6 3.Nf3 d5 4.g3 dxc4 5.Bg2 g6 6.Ne5 Bg7 7.Nxc4 O-O 8.O-O 
Be6 9.Qd3 Na6 10.a3 Qc8 11.b4 Rd8 12.Bb2 Bf5 13.e4 Be6 14.Nbd2 c5 15.d5 
cxb4 16.axb4 Bh3 17.Rfc1 Qg4 18.Ne3 Qh5 19.Bf3 Qg5 20.Qb3 e6 21.b5 Nb8 22.
e5 Nxd5 23.Ne4 Qe7 24.Nxd5 exd5 25.Nf6+ Bxf6 26.exf6 Qd6 27.Qe3 h5 28.Ba3 
Qe6 29.Be7 Qxe3 30.fxe3 Rc8 31.Bxd5 Rxc1+ 32.Rxc1 Nd7 33.Bxb7 Rb8 34.Rc7 
Ne5 35.Bc5 Rd8 36.Bd4 Nd3 37.Bxa7 Nc1 38.Rxc1 1-0

[Event "26th EUR-ch"]
[Site "Katowice POL"]
[Date "2026.04.09"]
[Round "3.164"]
[White "Bubalovic, Davorin"]
[Black "Zlatkov, Anton"]
[Result "0-1"]
[WhiteElo "2087"]
[BlackElo "2299"]
[EventDate "2026.04.07"]
[PlyCount "142"]

1.e4 c5 2.Nf3 Nc6 3.Bb5 g6 4.O-O Bg7 5.Re1 e5 6.Bxc6 dxc6 7.d3 Nh6 8.a4 a5
9.Nc3 f6 10.Ne2 O-O 11.Ng3 Nf7 12.b3 Be6 13.Bb2 Qc7 14.h3 Rfd8 15.Qe2 Rd7 
16.Rab1 Nd8 17.Qe3 b6 18.Nh2 Nf7 19.Rf1 Bh6 20.Qe2 b5 21.Bc1 Bf4 22.Ng4 
Kg7 23.Ne3 Rb8 24.Bd2 Nd6 25.Qe1 bxa4 26.bxa4 Rxb1 27.Qxb1 Bxg3 28.fxg3 
Nxe4 29.Be1 Nd6 30.g4 c4 31.Bc3 Qa7 32.Qe1 cxd3 33.cxd3 g5 34.Kh1 Ne8 35.
Nf5+ Bxf5 36.Rxf5 Rd5 37.Bxe5 Rxe5 38.Rxe5 fxe5 39.Qxe5+ Kf7 40.Qxg5 Qd7 
41.Qh5+ Kg8 42.Qxa5 Qxd3 43.Qa8 Qd1+ 44.Kh2 Qd6+ 45.Kh1 Kf7 46.a5 Qd1+ 47.
Kh2 Qd6+ 48.Kh1 Qc7 49.a6 Nd6 50.a7 Nb5 51.Qh8 Qxa7 52.Qxh7+ Ke6 53.Qf5+ 
Kd6 54.Qf6+ Kd5 55.g5 Nd4 56.g6 Ne6 57.h4 Qa4 58.Qf5+ Kd6 59.g3 c5 60.h5 
Qa1+ 61.Kg2 Qh8 62.Qd3+ Ke7 63.Qe4 Qxh5 64.Qb7+ Kf6 65.Qf7+ Ke5 66.Qe8 
Qe2+ 67.Kh3 Qh5+ 68.Kg2 Qg4 69.Qh8+ Kf5 70.g7 Qxg7 71.Qc8 Qd4 0-1

[Event "26th EUR-ch"]
[Site "Katowice POL"]
[Date "2026.04.09"]
[Round "3.165"]
[White "Omarsson, Josef"]
[Black "Heimisson, Hilmir Freyr"]
[Result "0-1"]
[WhiteElo "2045"]
[BlackElo "2297"]
[EventDate "2026.04.07"]
[PlyCount "58"]

1.d4 d5 2.c4 e6 3.Nc3 c5 4.e3 Nf6 5.Nf3 a6 6.cxd5 exd5 7.Bd3 c4 8.Bc2 Bb4 
9.O-O Bg4 10.h3 Bh5 11.Bd2 O-O 12.Ne2 Bxd2 13.Qxd2 Bxf3 14.gxf3 Nc6 15.
Rad1 Nh5 16.e4 Qh4 17.Kh2 Rae8 18.Qe3 f5 19.e5 Nd8 20.f4 Ne6 21.Ng3 Nhxf4 
22.Nxf5 Qh5 23.Nd6 Ng5 24.Bf5 Rxf5 25.Nxf5 Rf8 26.Ne7+ Kh8 27.Rh1 Nf3+ 28.
Kg3 Qg5+ 29.Kxf3 Qg2# 0-1

[Event "26th EUR-ch"]
[Site "Katowice POL"]
[Date "2026.04.09"]
[Round "3.166"]
[White "Bendayan Claros, Aaron"]
[Black "Ilgililer, Bertug"]
[Result "1-0"]
[WhiteElo "2296"]
[BlackElo "1996"]
[EventDate "2026.04.07"]
[PlyCount "107"]

1.d4 d5 2.c4 e6 3.Nf3 Nf6 4.Nc3 a6 5.cxd5 exd5 6.Qb3 Be7 7.Bf4 O-O 8.e3 c6
9.h3 Bd6 10.Bxd6 Qxd6 11.Bd3 Re8 12.O-O Nbd7 13.Qc2 c5 14.dxc5 Nxc5 15.
Rfd1 Be6 16.Be2 Rad8 17.Rd4 Qc6 18.Rc1 Rc8 19.Rdd1 Nce4 20.Qb1 Qb6 21.Nxe4
dxe4 22.Nd4 Bd7 23.Bc4 Rc5 24.b4 Rc7 25.Qb3 Bb5 26.Bxb5 Rxc1 27.Rxc1 axb5 
28.Rc5 Qd6 29.Rxb5 Rc8 30.Rc5 Rxc5 31.bxc5 Qxc5 32.Qxb7 Qc1+ 33.Kh2 h6 34.
a4 Qa3 35.Qc8+ Kh7 36.Qf5+ Kg8 37.a5 Qa1 38.Qc8+ Kh7 39.a6 Qa2 40.Nc2 h5 
41.g3 h4 42.gxh4 g6 43.Kg2 Nd5 44.h5 Ne7 45.hxg6+ Nxg6 46.Nd4 Qa1 47.Qb7 
Nh4+ 48.Kh2 Nf3+ 49.Nxf3 exf3 50.Qxf7+ Kh8 51.Qe8+ Kh7 52.Qe7+ Kg6 53.a7 
Qa2 54.Kg3 1-0

[Event "26th EUR-ch"]
[Site "Katowice POL"]
[Date "2026.04.09"]
[Round "3.167"]
[White "Zuqanov, Ali"]
[Black "Nakonechnyi, Oleksii"]
[Result "1-0"]
[WhiteElo "2015"]
[BlackElo "2296"]
[EventDate "2026.04.07"]
[PlyCount "81"]

1.e4 c5 2.Nf3 Nc6 3.Bb5 g6 4.Bxc6 dxc6 5.d3 Bg7 6.a4 a5 7.h3 e5 8.Nbd2 Be6
9.b3 Qc7 10.Ng5 Bc8 11.Nc4 Ne7 12.O-O O-O 13.Bb2 f6 14.Nf3 Be6 15.Qd2 b6 
16.Qe3 g5 17.c3 Ng6 18.d4 Bxc4 19.bxc4 cxd4 20.cxd4 h6 21.Rfd1 Rae8 22.
dxe5 fxe5 23.c5 b5 24.Rd6 Nf4 25.axb5 cxb5 26.Qb3+ Rf7 27.Qxb5 Rb8 28.Rb6 
Rbf8 29.c6 g4 30.hxg4 Qc8 31.Nxe5 Nxg2 32.Nxf7 Nh4 33.Ne5 Bxe5 34.Qb3+ Kh7
35.Rb7+ Bc7 36.Be5 Qxg4+ 37.Bg3 Nf3+ 38.Kg2 Qxe4 39.Qb1 Ne1+ 40.Kg1 Nf3+ 
41.Kh1 1-0

[Event "26th EUR-ch"]
[Site "Katowice POL"]
[Date "2026.04.09"]
[Round "3.168"]
[White "Zakin, Lior"]
[Black "Niezhentsev, Kyrylo"]
[Result "1-0"]
[WhiteElo "1986"]
[BlackElo "2293"]
[EventDate "2026.04.07"]
[PlyCount "149"]

1.e4 c5 2.Nf3 e6 3.d4 cxd4 4.Nxd4 Nf6 5.Nc3 Nc6 6.Bf4 d6 7.Bb5 Bd7 8.Nxc6 
bxc6 9.Ba4 e5 10.Bg5 h6 11.Bh4 g5 12.Bg3 Qa5 13.Qe2 Rb8 14.Bb3 h5 15.h4 g4
16.Qc4 Rh7 17.a3 Be7 18.O-O-O Qb6 19.Na4 Qb7 20.Qd3 Rg7 21.Rhe1 Qc7 22.Nc3
Nh7 23.Qc4 Qb7 24.Qd3 Nf8 25.Na4 Be6 26.Bxe6 Nxe6 27.Qc4 Rg6 28.Re3 Qc7 
29.f3 Bf8 30.Kb1 Bh6 31.Red3 Rd8 32.Rc3 gxf3 33.Rxf3 Bf4 34.Bxf4 exf4 35.
Rf2 Ke7 36.Rfd2 Qb7 37.b3 Rg4 38.e5 d5 39.Qd3 c5 40.Qf5 Rg6 41.Nc3 d4 42.
Ne4 Qc6 43.Nd6 Rf8 44.Qxh5 Rxg2 45.Qf5 Rg6 46.h5 Rh6 47.Rg1 Qf3 48.Rh2 d3 
49.cxd3 Qd5 50.Ka2 Nd4 51.Qg5+ Kd7 52.Rb2 Re6 53.Qg7 Ke7 54.Rg5 Nf3 55.Rf5
Nxe5 56.Nxf7 Rxf7 57.Qxf7+ Nxf7 58.Rxd5 Ne5 59.Rf2 f3 60.h6 Kf6 61.Rxc5 
Kg6 62.Rxe5 Rxe5 63.Rxf3 Re2+ 64.Kb1 Kxh6 65.Kc1 Kg6 66.d4 Re4 67.Rd3 Kf6 
68.Kd2 Rg4 69.Kc3 Ke6 70.Kc4 Rg5 71.Rh3 Kd6 72.Rh6+ Kc7 73.b4 Rf5 74.a4 
Rg5 75.a5 1-0

[Event "26th EUR-ch"]
[Site "Katowice POL"]
[Date "2026.04.09"]
[Round "3.169"]
[White "Lymar, Vladislav"]
[Black "Namyslak, Piotr"]
[Result "1-0"]
[WhiteElo "2289"]
[BlackElo "1953"]
[EventDate "2026.04.07"]
[PlyCount "77"]

1.e4 e6 2.d4 d5 3.Nd2 dxe4 4.Nxe4 Bd7 5.Nf3 Bc6 6.Bd3 Nd7 7.O-O Ngf6 8.Nc3
Be7 9.Re1 Bxf3 10.Qxf3 c6 11.h4 Nb6 12.Ne2 Qd5 13.Qg3 Bd6 14.Qh3 Bc7 15.a4
Qd7 16.a5 Nbd5 17.Bd2 Nh5 18.Qf3 g6 19.c4 Ne7 20.g4 Ng7 21.Bh6 Rg8 22.a6 
b6 23.Rad1 f5 24.Nc3 fxg4 25.Qxg4 O-O-O 26.Bg5 h6 27.Bxe7 Qxe7 28.d5 g5 
29.h5 Rgf8 30.dxe6 Rd6 31.Nb5 cxb5 32.Qg2 Nxe6 33.Qb7+ Kd8 34.c5 Rxd3 35.
Qa8+ Kd7 36.Rxd3+ Bd6 37.c6+ Kc7 38.Qb7+ Kd8 39.Qb8# 1-0

[Event "26th EUR-ch"]
[Site "Katowice POL"]
[Date "2026.04.09"]
[Round "3.170"]
[White "Durucay, Uygar"]
[Black "Wasiluk, Mateusz"]
[Result "1/2-1/2"]
[WhiteElo "2286"]
[BlackElo "1933"]
[EventDate "2026.04.07"]
[PlyCount "81"]

1.d4 Nf6 2.Nf3 e6 3.Bg5 c5 4.e3 Be7 5.Nbd2 b6 6.Bd3 Bb7 7.O-O d6 8.c3 Nbd7
9.Qc2 O-O 10.h3 Re8 11.Rfe1 h6 12.Bf4 Bf8 13.Bh2 e5 14.dxe5 Nxe5 15.Nxe5 
dxe5 16.e4 Qc7 17.a4 a6 18.f3 Nh5 19.Bf1 Be7 20.Nc4 Bh4 21.Red1 Bg3 22.Ne3
Bxh2+ 23.Kxh2 Bc8 24.Qd2 Be6 25.Qd6 Qxd6 26.Rxd6 b5 27.axb5 axb5 28.Rxa8 
Rxa8 29.Bxb5 Ra2 30.Bc4 Rxb2 31.Bxe6 fxe6 32.Rxe6 Re2 33.Nd5 c4 34.Rxe5 g5
35.Re6 Kg7 36.Rc6 Nf4 37.Nxf4 gxf4 38.Rxc4 Kf6 39.Rc6+ Ke5 40.Rxh6 Rxg2+ 
41.Kxg2 1/2-1/2

[Event "26th EUR-ch"]
[Site "Katowice POL"]
[Date "2026.04.09"]
[Round "3.171"]
[White "Ribeiro, Gustavo"]
[Black "Zelak, Wladyslaw"]
[Result "1-0"]
[WhiteElo "2280"]
[BlackElo "1866"]
[EventDate "2026.04.07"]
[PlyCount "75"]

1.e4 e5 2.Nf3 Nc6 3.Bc4 Bc5 4.O-O Nf6 5.d3 d6 6.Nc3 a6 7.Nd5 h6 8.c3 O-O 
9.a4 Ba7 10.b4 Nxd5 11.Bxd5 Ne7 12.Bb3 Ng6 13.Be3 Bxe3 14.fxe3 Be6 15.Bxe6
fxe6 16.Qb3 Qe7 17.Ra2 Rf7 18.Raf2 Raf8 19.Qa2 c6 20.d4 exd4 21.exd4 Nf4 
22.e5 d5 23.Qd2 Rf5 24.Qe3 g5 25.h3 h5 26.Nh2 Qg7 27.h4 Qh6 28.Nf3 gxh4 
29.Nxh4 R5f7 30.Kh2 Qg5 31.g3 Nh3 32.Rxf7 Rxf7 33.Qe1 Rxf1 34.Qxf1 Qd2+ 
35.Kxh3 Qxc3 36.Qf6 Qxd4 37.Qxe6+ Kf8 38.Qc8+ 1-0

[Event "26th EUR-ch"]
[Site "Katowice POL"]
[Date "2026.04.09"]
[Round "3.172"]
[White "Rozhok, Oleksii"]
[Black "Varga, Csaba Zoltan"]
[Result "1-0"]
[WhiteElo "1979"]
[BlackElo "2280"]
[EventDate "2026.04.07"]
[PlyCount "111"]

1.e4 d5 2.exd5 Qxd5 3.Nf3 Bg4 4.Be2 Nc6 5.O-O O-O-O 6.d3 h5 7.Be3 e5 8.h3 
Bf5 9.Nfd2 Qe6 10.Nc3 g5 11.Bxg5 f6 12.Be3 Rd7 13.Kh2 Nh6 14.Nce4 h4 15.
Bf3 Nd4 16.Bxd4 exd4 17.Re1 Nf7 18.Kh1 Ne5 19.Nc4 Bb4 20.Nxe5 Qxe5 21.Re2 
c6 22.Ng3 Qf4 23.Nxf5 Qxf5 24.Bg4 Qd5 25.Bxd7+ Kxd7 26.Qf1 Bd6 27.a3 c5 
28.c4 Qg5 29.b4 b6 30.bxc5 bxc5 31.Rb1 Qf4 32.Qg1 f5 33.a4 Bc7 34.a5 a6 
35.Rb3 Rg8 36.Rb7 Rb8 37.Rxb8 Bxb8 38.Rb2 Bc7 39.Re2 Bb8 40.Rb2 Bc7 41.Ra2
Bd6 42.Rc2 Be5 43.Rb2 Bc7 44.Rb7 Qd2 45.Qf1 Qxa5 46.Qd1 Qa2 47.Kg1 Kc8 48.
Rb1 a5 49.Qb3 Qe2 50.Qb7+ Kd8 51.Qd5+ Ke8 52.Qxf5 Qe7 53.Kf1 Kd8 54.Re1 
Qd6 55.Re6 Qh2 56.Qf8+ 1-0

[Event "26th EUR-ch"]
[Site "Katowice POL"]
[Date "2026.04.09"]
[Round "3.173"]
[White "Galazka, Aleksander"]
[Black "Velikic, Adela"]
[Result "0-1"]
[WhiteElo "1913"]
[BlackElo "2278"]
[EventDate "2026.04.07"]
[PlyCount "136"]

1.e4 c5 2.Nf3 Nc6 3.b4 cxb4 4.d4 d5 5.exd5 Qxd5 6.c4 bxc3 7.Nxc3 Qa5 8.Rb1
Nf6 9.d5 Nxd5 10.Qxd5 Qxc3+ 11.Bd2 e6 12.Qxe6+ Bxe6 13.Bxc3 O-O-O 14.Bb5 
Bxa2 15.Ra1 Re8+ 16.Kd2 Rd8+ 17.Kc2 Bd5 18.Bxc6 Bxc6 19.Rxa7 Bc5 20.Ra8+ 
Kc7 21.Be5+ Bd6 22.Bxd6+ Kxd6 23.Rd1+ Kc7 24.Raxd8 Rxd8 25.Rxd8 Kxd8 26.
Ne1 Ke7 27.f3 Kd6 28.Kc3 g5 29.Kd4 Bb5 30.Nc2 Bd7 31.Nb4 Be6 32.Nd3 f6 33.
Nb4 Bd7 34.Nd5 Ke6 35.Nb4 Bb5 36.Nd5 Bc6 37.Nb4 Kd6 38.Nd3 h5 39.Nf2 Ke6 
40.Nd3 Kf5 41.Nf2 h4 42.Ke3 Ke5 43.Ng4+ Ke6 44.g3 b5 45.Nf2 Kf5 46.Nd3 Bd5
47.Nb4 Ba8 48.Nd3 Ke6 49.gxh4 gxh4 50.Nf4+ Kf5 51.Nd3 Bd5 52.Nb4 Bc4 53.
Nc6 Ke6 54.Nb4 Ke5 55.Nc6+ Kd5 56.Nb4+ Kc5 57.Na6+ Kb6 58.Nb4 Ka5 59.Nc6+ 
Ka4 60.Nd4 b4 61.Kf4 b3 62.Nxb3 Kxb3 63.Kf5 h3 64.Kxf6 Kc3 65.Kg5 Kd4 66.
f4 Ke4 67.Kh4 Be6 68.Kg3 Ke3 0-1

[Event "26th EUR-ch"]
[Site "Katowice POL"]
[Date "2026.04.09"]
[Round "3.174"]
[White "Szakmary, Domonkos"]
[Black "Krzeszewski, Filip"]
[Result "1-0"]
[WhiteElo "2278"]
[BlackElo "1759"]
[EventDate "2026.04.07"]
[PlyCount "81"]

1.Nf3 c5 2.e4 d6 3.d4 cxd4 4.Nxd4 Nf6 5.Nc3 g6 6.Be3 Bg7 7.f3 O-O 8.Qd2 
Nc6 9.g4 Be6 10.O-O-O Nxd4 11.Bxd4 Qa5 12.a3 Rab8 13.Kb1 Rfc8 14.Nd5 Qxd2 
15.Rxd2 Bxd5 16.exd5 a5 17.Bb6 Ra8 18.Bb5 Ne8 19.Re1 Bf6 20.Re4 Nc7 21.Bd7
Rd8 22.Ba4 Rdc8 23.Bd7 Rd8 24.Ba4 Rdc8 25.Rc4 Na6 26.Rxc8+ Rxc8 27.Bxa5 
Nc5 28.Bb5 Kg7 29.Bb6 Bg5 30.Re2 Kf6 31.b4 Na6 32.Bd4+ e5 33.dxe6+ Ke7 34.
exf7+ Kxf7 35.Bd7 Rd8 36.Be6+ Kf8 37.Bd5 Nc7 38.Bxb7 Nb5 39.Bb2 Rb8 40.Bc6
Nc7 41.c4 1-0